[Event "IBCA Wch blind U20"]
[Site "Podgorica"]
[Date "2015.08.24"]
[Round "5"]
[White "Danilchenko, Dmitrij"]
[Black "Prachurya, Kumar Pradhan"]
[Result "1-0"]
[WhiteElo "1856"]
[BlackElo "1520"]
[PlyCount "53"]
[EventDate "2015.08.20"]
[EventType "swiss"]
[EventRounds "9"]
[EventCountry "MNE"]
[SourceTitle "EXT 2017"]
[Source "ChessBase"]
[SourceDate "2016.10.25"]
[SourceVersion "1"]
[SourceVersionDate "2016.10.25"]
[SourceQuality "1"]

1. d4 Nf6 2. c4 e6 3. Nc3 Bb4 4. f3 d5 5. a3 Be7 6. e4 dxe4 7. fxe4 e5 8. d5 Bc5 9. Nf3 Ng4 10. b4 Bf2+ 11. Ke2 Qf6 12. h3 Bd4 13. Nb5 Nf2 14. Qe1 Nxh1 15. Nxc7+ Kd7 16. Nxa8 Bxa1 17. Bg5 Qg6 18. Qxa1 Ng3+ 19. Kf2 Nxe4+ 20. Ke3 Re8 21. Bd3 f5 22. Bxe4 f4+ 23. Kd3 Qa6 24. Nxe5+ Rxe5 25. Qxe5 Qxa3+ 26. Qc3 Qxc3+ 27. Kxc3 1-0

[Event "IBCA Wch blind U20"]
[Site "Podgorica"]
[Date "2015.08.20"]
[Round "1"]
[White "Danilchenko, Dmitrij"]
[Black "Koumtzis, Argirios"]
[Result "0-1"]
[WhiteElo "1856"]
[BlackElo "1770"]
[PlyCount "64"]
[EventDate "2015.08.20"]
[EventType "swiss"]
[EventRounds "9"]
[EventCountry "MNE"]
[SourceTitle "EXT 2017"]
[Source "ChessBase"]
[SourceDate "2016.10.25"]
[SourceVersion "1"]
[SourceVersionDate "2016.10.25"]
[SourceQuality "1"]

1. d4 e6 2. c4 b6 3. Nc3 Bb7 4. e4 Bb4 5. f3 f5 6. e5 d6 7. f4 dxe5 8. dxe5 Qh4+ 9. Ke2 Nc6 10. Be3 Qh5+ 11. Nf3 Nh6 12. Qa4 Ng4 13. Nb5 0-0-0 14. c5 Rhe8 15. cxb6 axb6 16. Rc1 Rd7 17. Bxb6 Red8 18. Rxc6 Rd2+ 19. Nxd2 Rxd2+ 20. Ke1 Rxb2+ 21. Qxb4 Rxb4 22. Rxc7+ Kb8 23. Rc1 Rb2 24. Rd1 Qh4+ 25. g3 Qh6 26. Rg1 Qxh2 27. a3 Bd5 28. Bc5 Nf2 29. Bd6+ Kb7 30. Rc1 Nd3+ 31. Bxd3 Qd2+ 32. Kf1 Qf2# 0-1